FAO argicultural services bulletin; N.18 Methods and equipment,Rice testing
Tallennettuna:
| Päätekijä: | |
|---|---|
| Aineistotyyppi: | Kirja |
| Kieli: | Undetermined |
| Julkaistu: |
Rome
FAO
1973
|
| Aiheet: | |
| Tagit: |
Lisää tagi
Ei tageja, Lisää ensimmäinen tagi!
|
| Thư viện lưu trữ: | Trung tâm Học liệu Trường Đại học Cần Thơ |
|---|
| LEADER | 00556nam a2200205Ia 4500 | ||
|---|---|---|---|
| 001 | CTU_15462 | ||
| 008 | 210402s9999 xx 000 0 und d | ||
| 020 | |b 27.50df | ||
| 082 | |a 630 | ||
| 082 | |b F218/N.18 | ||
| 100 | |a F Gariboldi | ||
| 245 | 0 | |a FAO argicultural services bulletin; N.18 | |
| 245 | 0 | |b Methods and equipment,Rice testing | |
| 245 | 0 | |c F Gariboldi,FAO | |
| 260 | |a Rome | ||
| 260 | |b FAO | ||
| 260 | |c 1973 | ||
| 650 | |a rice | ||
| 904 | |i Nguyễn Quang Điền, 970407 | ||
| 980 | |a Trung tâm Học liệu Trường Đại học Cần Thơ | ||